Normal view
MARC view
- Zafar Ahsan
Entry Personal Name
001 - CONTROL NUMBER
- control field: 123453
003 - CONTROL NUMBER IDENTIFIER
- control field: NUST
005 - DATE AND TIME OF LATEST TRANSACTION
- control field: 20240611100936.0
008 - FIXED-LENGTH DATA ELEMENTS
- fixed length control field: 240611|| aca||aabn | a|a d
040 ## - CATALOGING SOURCE
- Original cataloging agency: NUST
- Transcribing agency: NUST
100 ## - HEADING--PERSONAL NAME
- Personal name: Zafar Ahsan
670 ## - SOURCE DATA FOUND
- Source citation: Work cat.: (NUST): Zafar Ahsan, Differential Equations and Their Applications, 2006.
